<?xml version="1.0" encoding="UTF-8"?>
<record
    xmlns:xsi="http://www.w3.org/2001/XMLSchema-instance"
    xsi:schemaLocation="http://www.loc.gov/MARC21/slim http://www.loc.gov/standards/marcxml/schema/MARC21slim.xsd"
    xmlns="http://www.loc.gov/MARC21/slim">

  <leader>00849nam a22002177a 4500</leader>
  <datafield tag="999" ind1=" " ind2=" ">
    <subfield code="c">193865</subfield>
    <subfield code="d">193865</subfield>
  </datafield>
  <controlfield tag="005">20230127120033.0</controlfield>
  <datafield tag="010" ind1=" " ind2=" ">
    <subfield code="a">B-746597-599                 E.N.A./7.11.22</subfield>
  </datafield>
  <datafield tag="020" ind1=" " ind2=" ">
    <subfield code="a">9789352837304</subfield>
    <subfield code="c">535.00</subfield>
  </datafield>
  <datafield tag="035" ind1=" " ind2=" ">
    <subfield code="a">B-746597-599</subfield>
  </datafield>
  <datafield tag="037" ind1=" " ind2=" ">
    <subfield code="b">Aakar</subfield>
  </datafield>
  <datafield tag="082" ind1=" " ind2=" ">
    <subfield code="a">547</subfield>
  </datafield>
  <datafield tag="100" ind1=" " ind2=" ">
    <subfield code="a">Bahl, Arun </subfield>
  </datafield>
  <datafield tag="245" ind1=" " ind2=" ">
    <subfield code="a">A Textbook of Organic Chemistry for BSc Student /</subfield>
    <subfield code="c">Arun Bahl and B.S. Bahl </subfield>
  </datafield>
  <datafield tag="250" ind1=" " ind2=" ">
    <subfield code="a">22nd</subfield>
  </datafield>
  <datafield tag="260" ind1=" " ind2=" ">
    <subfield code="a">New Delhi</subfield>
    <subfield code="b">S.Chand and Company Limited</subfield>
    <subfield code="c">2022</subfield>
  </datafield>
  <datafield tag="270" ind1=" " ind2=" ">
    <subfield code="a">Block, B-1, house no.D-1, Ground Floor, Mohan co-operative  industrial Estates</subfield>
    <subfield code="b">New Delhi</subfield>
    <subfield code="e">110044</subfield>
  </datafield>
  <datafield tag="300" ind1=" " ind2=" ">
    <subfield code="a">1108p</subfield>
    <subfield code="c">24cm (pbk)</subfield>
  </datafield>
  <datafield tag="700" ind1=" " ind2=" ">
    <subfield code="a">Bahl, B.S.</subfield>
  </datafield>
  <datafield tag="942" ind1=" " ind2=" ">
    <subfield code="2">ddc</subfield>
    <subfield code="c">EN</subfield>
    <subfield code="m">BAH</subfield>
    <subfield code="h">547</subfield>
  </datafield>
  <datafield tag="952" ind1=" " ind2=" ">
    <subfield code="0">0</subfield>
    <subfield code="1">0</subfield>
    <subfield code="4">0</subfield>
    <subfield code="7">0</subfield>
    <subfield code="8">NFIC</subfield>
    <subfield code="a">L</subfield>
    <subfield code="b">L</subfield>
    <subfield code="d">2023-01-23</subfield>
    <subfield code="e">Aakar Books/I-2244/28.11.22/142/23.11.22/2.12.22</subfield>
    <subfield code="g">535.00</subfield>
    <subfield code="l">4</subfield>
    <subfield code="m">2</subfield>
    <subfield code="o">547 BAH</subfield>
    <subfield code="p">B-746597</subfield>
    <subfield code="q">2026-07-06</subfield>
    <subfield code="r">2026-06-22 13:04:17</subfield>
    <subfield code="s">2026-06-22</subfield>
    <subfield code="t">1</subfield>
    <subfield code="v">535.00</subfield>
    <subfield code="w">2023-01-23</subfield>
    <subfield code="y">EN</subfield>
  </datafield>
  <datafield tag="952" ind1=" " ind2=" ">
    <subfield code="0">0</subfield>
    <subfield code="1">0</subfield>
    <subfield code="4">0</subfield>
    <subfield code="7">0</subfield>
    <subfield code="8">NFIC</subfield>
    <subfield code="a">BL1</subfield>
    <subfield code="b">BL1</subfield>
    <subfield code="d">2023-01-23</subfield>
    <subfield code="e">Aakar Books/I-2244/28.11.22/142/23.11.22/2.12.22</subfield>
    <subfield code="g">535.00</subfield>
    <subfield code="l">2</subfield>
    <subfield code="m">2</subfield>
    <subfield code="o">547 BAH</subfield>
    <subfield code="p">B-746598</subfield>
    <subfield code="r">2023-09-02 00:00:00</subfield>
    <subfield code="s">2023-08-14</subfield>
    <subfield code="t">1</subfield>
    <subfield code="v">535.00</subfield>
    <subfield code="y">EN</subfield>
  </datafield>
  <datafield tag="952" ind1=" " ind2=" ">
    <subfield code="0">0</subfield>
    <subfield code="1">0</subfield>
    <subfield code="4">0</subfield>
    <subfield code="7">0</subfield>
    <subfield code="8">NFIC</subfield>
    <subfield code="a">ZLS</subfield>
    <subfield code="b">ZLS</subfield>
    <subfield code="d">2023-01-23</subfield>
    <subfield code="e">Aakar Books/I-2244/28.11.22/142/23.11.22/2.12.22</subfield>
    <subfield code="g">535.00</subfield>
    <subfield code="l">0</subfield>
    <subfield code="o">547 BAH</subfield>
    <subfield code="p">B-746599</subfield>
    <subfield code="r">2023-01-23 00:00:00</subfield>
    <subfield code="t">1</subfield>
    <subfield code="v">535.00</subfield>
    <subfield code="y">EN</subfield>
  </datafield>
</record>
